Bilecik Bilecik Bilecik Bilecik Bilecik

Organik kimya = (Record no. 23375)

MARC details
000 -BAŞLIK
Sabit Uzunluktaki Kontrol Alanı 01107nam a22003377a 4500
001 - KONTROL NUMARASI
Control Dosyası 0023420
003 - KONTROL NUMARASI KİMLİĞİ
Kontrol Alanı KOHA_MİRAKIL
005 - EN SON İŞLEM TARİHİ ve ZAMANI
Kontrol Alanı 20260207002411.0
007 - FİZİKSEL TANIM SABİT ALAN - GENEL BİLGİ
Sabit uzunluklu kontrol alanı ta
008 - SABİT UZUNLUKTAKİ VERİ ÖGELERİ - GENEL BİLGİ
Sabit Alan 130926b2002 tu a|||gr||||#||||0|tur |
020 ## - ISBN - ULUSLARARASI STANDART KİTAP NUMARASI
Isbn 9758431870
040 ## - KATALOGLAMA KAYNAĞI
Özgün Kataloglama Kurumu TR-BiSEU
Kataloglama Dili tur
Çeviri Kurumu TR-BiSEU
Açıklama Kuralları rda
041 0# - DİL KODU
Metin ya da ses kaydının dil kodu tur
044 ## - YAYINLAYAN/ÜRETEN KURULUŞUN ÜLKE KODU
ISO country code tu
050 ## - SINIFLAMA ve YER NUMARASI
Sınıflama Numarası QD253.2
Yer Numarası .S65 2002
100 1# - KİŞİ ADI
Yazar Adı (Kişi adı) Solomons, T. W. Graham.
240 10 - TEK BİÇİM BAŞLIK
Tekbiçim Başlık <a href="Organic chemistry">Organic chemistry</a>
Language of a work Türkçe
245 1# - ESER ADI BİLDİRİMİ
Başlık Organik kimya =
Alt Eseradı vb. Organic chemistry/
Sorumluluk Bildirimi T. W. Graham Solomons ; T.W. Graham Solomons, Craig B. Fryhle ;çev. edt. Gürol Okay, Yılmaz Yıldırır.
250 ## - BASIM BİLDİRİMİ
Basım Bildirimi 7. basımdan çeviri
264 #1 - ÜRERİM, YAYIN, DAĞITIM ve TELİF BİLDİRİMİ
Yayın yeri İstanbul :
Yayınlayan Literatür
Yayın tarihi 2002
300 ## - FİZİKSEL TANIMLAMA
Sayfa, Cilt vb. xxxiv, 1258, 8, 12, 3, 27 sayfa :
Diğer fiziki detaylar res.+ 1 CD-ROM
336 ## - İÇERİK TÜRÜ
Content type term metin
Content type code txt
Source rdacontent
337 ## - MEDYA TÜRÜ
Media type term aracısız
Media type code n
Source rdamedia
338 ## - TAŞIYICI TÜRÜ
Carrier type term cilt
Carrier type code nc
Source rdacarrier
490 1# - DİZİ BİLDİRİMİ
Dizi Bildirimi Literatür yayınları ;
Cilt Numarası 84.
500 ## - GENEL NOT
Genel Not Kaynakça ve dizin var.
650 #0 - KONU BAŞLIĞI EK GİRİŞ - KONU TERİMİ
Konusal terim veya coğrafi ad Chemistry, Organic.
9 (RLIN) 1515
650 #0 - KONU BAŞLIĞI EK GİRİŞ - KONU TERİMİ
Konusal terim veya coğrafi ad Kimya, Organik.
9 (RLIN) 1514
830 1# - SERİ EK GİRİŞİ - TEKBİÇİM ESER ADI
Tekbiçim Başlık Literatür yayınları ;
Volume number/sequential designation 84.
9 (RLIN) 48168
942 ## - EK GİRİŞ ÖGELERİ (KOHA)
Source of classification or shelving scheme Library of Congress Classification
Koha item type Book
Holdings
Materyal Türü Kalıcı Konum Mevcut Konum Raf Yeri Sınıflandırma Kaynağı Edinim Bilgisi Ana Konular Alt Konular Yer Numarası Demirbaş Numarası Fatura Tarihi Maliyet, Alış Fiyatı Maliyet, Yenileme Fiyatı Geri Çekilme Durumu Kayıp Durumu Hasarlı Durumu Kredi için değil Kayıt Tarih Toplam Ödünçverme Son Görülme Tarihi Son Kontrol Tarihi Genel / Bağış Notu Satın Alma Notu
Book Prof. Dr. Azmi Özcan Kütüphanesi Prof. Dr. Azmi Özcan Kütüphanesi Birûni Salonu Library of Congress Classification Bağış BİLİM Kimya QD253.2 .S65 2002 0023420 14/12/2010 115.77 115.77         27/10/2010 33 05/12/2024 05/12/2024 Marmara Çağdaş Eğitim Vakfı  
Book Prof. Dr. Azmi Özcan Kütüphanesi Prof. Dr. Azmi Özcan Kütüphanesi Birûni Salonu Library of Congress Classification Satın BİLİM Kimya QD253.2 .S65 2002 0042903 24/09/2013 80.50 80.50         30/07/2013 14 05/12/2024 05/12/2024   73291-73383 (92 sayfa)
Book Prof. Dr. Azmi Özcan Kütüphanesi Prof. Dr. Azmi Özcan Kütüphanesi Birûni Salonu Library of Congress Classification Satın BİLİM Kimya QD253.2 .S65 2002 0044889 24/09/2013 80.50 80.50         26/09/2013 12 05/12/2024 05/12/2024   73291-73383 (92 sayfa)